Arabic Thought and Its Place in History (Record no. 37)

MARC details
000 -LEADER
fixed length control field 00593nam a2200241 a 4500
020 ## - INTERNATIONAL STANDARD BOOK NUMBER
ISBN
082 00 - DEWEY DECIMAL CLASSIFICATION NUMBER
Classification number 181.07
Author Cutter OLE
100 ## - MAIN ENTRY--AUTHOR NAME
Author name O`Leary, De Lacy
245 ## - TITLE STATEMENT
Title Arabic Thought and Its Place in History
260 ## - PUBLICATION, DISTRIBUTION, ETC. (IMPRINT)
Place of publication London
Name of publisher Routledge Chapman Hall
Year of publication 1922
300 ## - PHYSICAL DESCRIPTION
Number of Pages 327p
500 ## - GENERAL NOTE
General note includes index and biblioraphy
505 2# - FORMATTED CONTENTS NOTE
Formatted contents note Index
650 ## - SUBJECT ADDED ENTRY--TOPICAL TERM
Topical Term Philosophy-Islamic
942 ## - ADDED ENTRY ELEMENTS (KOHA)
Koha item type Books
700 1# -
-- O`Leary, De Lacy
Holdings
Home library Current library Date acquired Cost, normal purchase price Full call number Accession Number Koha item type
Henry Martyn Institute Library Henry Martyn Institute Library   100.00 181.07 OLE 1099 E-Books
Henry Martyn Institute Library Henry Martyn Institute Library   100.00 181.07 OLE 1622 Archive Book
Henry Martyn Institute Library Henry Martyn Institute Library   100.00 181.07 OLE 6728 Archive Book
                   Copyright © 2026 | Henry Martyn Institute | Hyderabad | TS-500052 | INDIA | Implemented by hmi.edu.in
Hit-Count:

Powered by Koha